000 03149nam a22012254i 4500
003 PE-LiUPU
005 20250813185338.0
008 020117s2001 pe 000 0 spa d
020 _a9972755657
035 _a(Sirsi) i9789972755651
040 _aBNM
_erdc
_bspa
_cBNM
_dESUCM
_dPE-LiUPU
_erda
049 _aPRUA
082 0 4 _a305.8036
_bB95
_221
100 1 _aBusto Duthurburu, José Antonio del,
_eautor.
245 1 0 _aBreve historia de los negros del Perú /
_cJosé Antonio del Busto Duthurburu.
264 _aLima :
_bFondo Editorial del Congreso del Perú,
_c2001.
300 _a126 páginas :
_bilustraciones ;
_c22 centímetros
336 _atext
_2rdacontent
337 _aunmediated
_2rdamedia
338 _avolume
_2rdacarrier
504 _aBibliografía : páginas 121-126.
505 0 _aLos hombres negors -- Los negros de la conquista -- Los negros en el virreinato -- El esclavo y el amo -- El arte negro -- La escultura -- La pintura -- La música -- Las castas mixtas -- Otras mezclas.
526 _aP202
526 _aP201
526 _aP163
526 _aP162
526 _aP161
526 _aP160
526 _aP148
526 _aP147
526 _aP146
526 _aP145
526 _aP144
526 _aP143
526 _aP142
526 _aP141
526 _aP140
526 _aP139
526 _aP138
526 _aP137
526 _aP136
526 _aP135
526 _aP134
526 _aP133
526 _aP129
526 _aP128
526 _aP127
526 _aP120
526 _aP119
526 _aP118
526 _aP116
526 _aP115
526 _aP114
526 _aP110
526 _aP109
526 _aP108
526 _aP104
526 _aP103
526 _aP102
526 _aP99
526 _aP98
526 _aP97
526 _aP96
526 _aP95
526 _aP93
526 _aP90
526 _aP89
526 _aP88
526 _aP83
526 _aP82
526 _aP62
526 _aP59
526 _aP58
526 _aP57
526 _aP51
526 _aP49
526 _aP48
526 _aP47
526 _aP29
526 _aP24
526 _aP20
526 _aP19
526 _aP17
526 _aP15
526 _aP14
526 _aP12
526 _aP10
526 _aP09
526 _aP08
526 _aP07
526 _aP06
526 _aP05
526 _aP04
526 _aP01
650 0 _aHistoria
650 0 _aNegros
650 0 _aPerú
910 _ajck
_bncf
_cncf
_d20161005
942 _2ddc
_cBOOK
949 _a305.8036 B95
_wDEWEY
_c1
_i74823
_lCCODEBUL1
_mBUL
_p25.50
_r0
_sY
_tBOOK
_u2016-10-5
_xEDUCACION
_0DONACION
_o.STAFF. Colección Ciencias Humanas y Educación
994 _aC0
_bPEPRU
596 _a1
999 _a305.8036 B95
_wDEWEY
_c12872
_i74823
_d12872
_e2019-8-28
_f2021-11-8
_g5
_lCCODEBUL1
_mBUL
_n2
_p25.50
_r0
_sY
_tBOOK
_u2016-10-5
_xEDUCACION
_PP14
_0COMPRA
_o.STAFF. Colección Ciencias Humanas y Educación
980 _81
_gALBERTO SANCHEZ Responsable de Automatización